Le 35 [i.e. trente cinq] Mai /

I tiakina i:
Ngā taipitopito rārangi puna kōrero
Kaituhi matua: Kästner, Erich (autor)
Hōputu: Pukapuka
Reo:Wīwī
I whakaputaina: París, Francia : Hachette, 1970, c1970
Rangatū:(Le Livre de Poche Jeunesse ; 5)
Ngā marau:
Ngā Tūtohu: Tāpirihia he Tūtohu
Kāore He Tūtohu, Me noho koe te mea tuatahi ki te tūtohu i tēnei pūkete!

MARC

LEADER 00000nam^a2200000^a^4500
001 000300946
005 20250521000000.0
009 20260310112530.337
020 |a 2-253-02336-1 
025 |a Donación sin dato, 1 ejemplar 
037 |a Acervo ITESO - Biblioteca 
041 |a FRA 
082 |a 808. 899282  |b KAS 
100 |a Kästner, Erich  |e (autor) 
245 1 3 |a Le 35 [i.e. trente cinq] Mai /  |c E. Kästner ; il. de Boiry ; tr. por Michèle Kahn. 
264 4 |a París, Francia :  |b Hachette,  |c 1970, c1970 
300 |a 157 p. 
336 |a texto  |b txt  |2 rdacontenido 
337 |a sin mediación  |b n  |2 rdamedio 
338 |a volumen  |b nc  |2 rdasoporte 
440 4 |a (Le Livre de Poche Jeunesse ;  |v 5) 
500 |a Traducción de: Der 35 Mai 
649 |a XX 
650 |a Novela Alemana 
650 |a Literatura Alemana -  |y Siglo XX 
650 |a Literatura Juvenil -  |z Alemania 
910 |a Fondo General 
920 |a Impresos - Libros 
930 |a Colección General 
940 |a Literatura 
905 |a 101 
901 |a 0500186854  |b IT1  |c LIT  |i D  |u 20250521 
902 |a https://opac.biblio.iteso.mx/vufind/Record/000300946